MARC details
| 000 -LEADER |
| campo de control de longitud fija |
03265cam a2200433 a 4500 |
| 001 - NÚMERO DE CONTROL |
| campo de control |
16991758 |
| 003 - IDENTIFICADOR DE NÚMERO DE CONTROL |
| campo de control |
BJBSDDR |
| 005 - FECHA Y HORA DE LA ÚLTIMA TRANSACCIÓN |
| campo de control |
20230411090120.0 |
| 008 - DATOS DE LONGITUD FIJA--INFORMACIÓN GENERAL |
| campo de control de longitud fija |
110619s2011 nyua 101 0 eng |
| 010 ## - NÚMERO DE CONTROL DE LA BIBLIOTECA DEL CONGRESO |
| Número de control de LC |
2011040373 |
| 020 ## - NÚMERO INTERNACIONAL ESTÁNDAR DEL LIBRO |
| Número Internacional Estándar del Libro |
9780230304581 (alk. paper) |
| 020 ## - NÚMERO INTERNACIONAL ESTÁNDAR DEL LIBRO |
| Número Internacional Estándar del Libro |
9780230304598 (pbk. : alk. paper) |
| 040 ## - FUENTE DE CATALOGACIÓN |
| Centro catalogador/agencia de origen |
DLC |
| Centro/agencia transcriptor |
DLC |
| Centro/agencia modificador |
DLC |
| 042 ## - CÓDIGO DE AUTENTICACIÓN |
| Código de autenticación |
pcc |
| 043 ## - CÓDIGO DE ÁREA GEOGRÁFICA |
| Código de área geográfica |
e-uk--- |
| -- |
n-us--- |
| 050 00 - SIGNATURA TOPOGRÁFICA DE LA BIBLIOTECA DEL CONGRESO |
| Número de clasificación |
HB 3722 |
| Número de ítem |
L496 2011 |
| 082 00 - NÚMERO DE LA CLASIFICACIÓN DECIMAL DEWEY |
| Número de clasificación |
330.973 |
| Número de edición |
23 |
| 245 04 - MENCIÓN DEL TÍTULO |
| Título |
The legacy of the crash : |
| Resto del título |
how the financial crisis changed America and Britain / |
| Mención de responsabilidad, etc. |
edited by Terrence Casey. |
| 260 ## - PUBLICACIÓN, DISTRIBUCIÓN, ETC. |
| Lugar de publicación, distribución, etc. |
New York : |
| Nombre del editor, distribuidor, etc. |
Palgrave Macmillan, |
| Fecha de publicación, distribución, etc. |
2011. |
| 300 ## - DESCRIPCIÓN FÍSICA |
| Extensión |
xv, 291 p. : |
| Otras características físicas |
ill. ; |
| Dimensiones |
23 cm. |
| 500 ## - NOTA GENERAL |
| Nota general |
Papers presented at a conference organized by the British Politics Group in September 2010. |
| 500 ## - NOTA GENERAL |
| Nota general |
Includes index. |
| 505 ## - NOTA DE CONTENIDO CON FORMATO |
| Nota de contenido con formato |
The political challenges of hard times / Terrence Casey --<br/>Was there ever an Anglo-American model of capitalism? / Wyn Grant --<br/>Capitalism, crisis, and a zombie named TINA / Terrence Casey --<br/>A tale of two cities: financial meltdown and the Atlantic divide / David Coates, Kara Dickstein --<br/>Fiscal policy responses to the economic crisis in the UK and the US / Edward Ashbee --<br/>Divided in victory? The Conservatives and the Republicans / Tim Bale, Robin Kolodny --<br/>The crisis of capitalism and the downfall of the left / Graham Wilson --<br/>Third parties and political dynamics in the UK and the US / Arthur I. Cyr --<br/>Party polarization and ideology: diverging trends in Britain and the US / Nicol C. Rae, Juan S. Gil --<br/>Economics, partisanship, and elections: economic voting in the 2010 UK parliamentary and US congressional elections / Michael J. Brogan --<br/>The politics and changing political economy of health care in the US and the UK / Alex Wadden --<br/>From 9/11 to 2011: the 'war on terror' and the onward march of executive power? / John E. Owens, Mark Shephard --<br/>The 'war on terror' in court: a comparative analysis of judicial empowerment / Richard J. Maiman --<br/>Anglo-American politics in the age of austerity / Terrence Casey. |
| 520 ## - RESUMEN, ETC. |
| Sumario, etc. |
<br/>When the global financial system crashed, governments in America and Britain perfomed the greatest bailout in history. The legacy is record government debt, low growth and a new era of austerity. Here, a stellar cast of contributors, including Tim Bale and Wyn Grant provide a sophisticated account of how the administrations are faring. |
| 650 #0 - PUNTO DE ACCESO ADICIONAL DE MATERIA--TÉRMINO DE MATERIA |
| Término de materia o nombre geográfico como elemento de entrada |
Global Financial Crisis, 2008-2009 |
| Subdivisión de forma |
Congresses. |
| 650 #0 - PUNTO DE ACCESO ADICIONAL DE MATERIA--TÉRMINO DE MATERIA |
| Término de materia o nombre geográfico como elemento de entrada |
Financial crises |
| Subdivisión geográfica |
Great Britain |
| Subdivisión de forma |
Congresses. |
| 650 #0 - PUNTO DE ACCESO ADICIONAL DE MATERIA--TÉRMINO DE MATERIA |
| Término de materia o nombre geográfico como elemento de entrada |
Financial crises |
| Subdivisión geográfica |
United States |
| Subdivisión de forma |
Congresses. |
| 650 #0 - PUNTO DE ACCESO ADICIONAL DE MATERIA--TÉRMINO DE MATERIA |
| Término de materia o nombre geográfico como elemento de entrada |
Crisis financiera global, 2008-2009 |
| 9 (RLIN) |
408 |
| 650 #0 - PUNTO DE ACCESO ADICIONAL DE MATERIA--TÉRMINO DE MATERIA |
| Término de materia o nombre geográfico como elemento de entrada |
Crisis financiera |
| Subdivisión geográfica |
Estados Unidos |
| 9 (RLIN) |
88 |
| 651 #0 - PUNTO DE ACCESO ADICIONAL DE MATERIA--NOMBRE GEOGRÁFICO |
| Nombre geográfico |
Great Britain |
| Subdivisión general |
Economic policy |
| Subdivisión cronológica |
1997- |
| Subdivisión de forma |
Congresses. |
| 651 #0 - PUNTO DE ACCESO ADICIONAL DE MATERIA--NOMBRE GEOGRÁFICO |
| Nombre geográfico |
United States |
| Subdivisión general |
Economic policy |
| Subdivisión cronológica |
2001-2009 |
| Subdivisión de forma |
Congresses. |
| 651 #0 - PUNTO DE ACCESO ADICIONAL DE MATERIA--NOMBRE GEOGRÁFICO |
| Nombre geográfico |
United States |
| Subdivisión general |
Economic policy |
| Subdivisión cronológica |
2009- |
| Subdivisión de forma |
Congresses. |
| 651 #4 - PUNTO DE ACCESO ADICIONAL DE MATERIA--NOMBRE GEOGRÁFICO |
| Nombre geográfico |
Estados Unidos |
| Subdivisión general |
Política económica |
| Subdivisión cronológica |
2001-2009 |
| 9 (RLIN) |
843 |
| 700 1# - ENTRADA AGREGADA--NOMBRE PERSONAL |
| Nombre de persona |
Casey, Terrence. |
| 9 (RLIN) |
5521 |
| 710 2# - ENTRADA AGREGADA--NOMBRE DE ENTIDAD CORPORATIVA |
| Nombre de entidad corporativa o nombre de jurisdicción como elemento de entrada |
British Politics Group. |
| 906 ## - ELEMENTOS DE DATOS F LOCAL, LDF (RLIN) |
| a |
7 |
| b |
cbc |
| c |
orignew |
| d |
1 |
| e |
ecip |
| f |
20 |
| g |
y-gencatlg |
| 942 ## - ELEMENTOS DE ENTRADA SECUNDARIOS (KOHA) |
| Fuente del sistema de clasificación o colocación |
Clasificación de Library of Congress |
| Tipo de ítem Koha |
Libro |